| 000 | 01054nam a2200337 a 4500 | ||
|---|---|---|---|
| 001 | 000017410 | ||
| 003 | 000017410 | ||
| 005 | 20150309153528.0 | ||
| 007 | 000 | ||
| 008 | 100324s1998 000 spa d | ||
| 015 | _a02 | ||
| 040 |
_aBPMET _bspa _cBPMET |
||
| 049 | _aBNPD | ||
| 092 |
_aRD863.3 _bP418c, 1996 |
||
| 100 | 1 |
_aPenson, César Nicolás, _d1855-1901 |
|
| 245 | 1 | 0 |
_aCosas añejas / _cCésar Nicolás Penson |
| 260 |
_aSanto Domingo : _bTaller, _c1998. |
||
| 300 |
_a91 p. ; _c22 cm. |
||
| 490 | 1 |
_aBiblioteca taller _v9 |
|
| 700 | 1 |
_aAlcántara Almánzar, José, _epról. |
|
| 830 | 0 |
_aBiblioteca taller _n9 |
|
| 910 | _aValidado. Control de calidad BNPHU | ||
| 930 | 1 |
_lBND01 _mLF1 _820100324 _f01 _pHD _g12253 |
|
| 942 |
_2ddc _cBK |
||
| 956 |
_aVGENAO _b10 _c20100324 _lBND01 _h1427 |
||
| 956 |
_aVGENAO _b10 _c20100324 _lBND01 _h1427 |
||
| 956 |
_aIGARCIA _b10 _c20100910 _lBND01 _h1414 |
||
| 956 |
_aMMOLINA _b40 _c20100910 _lBND01 _h1719 |
||
| 956 |
_aMMOLINA _b40 _c20100910 _lBND01 _h1722 |
||
| 956 |
_aMMOLINA _b40 _c20100910 _lBND01 _h1722 |
||
| 999 |
_c7149 _d7149 |
||